|
|
|
|
| LEADER |
00000cam a2200000 7i4500 |
| 001 |
0000000231 |
| 002 |
000000300 |
| 005 |
20000330.0 |
| 020 |
|
|
|a 9838610429
|
| 090 |
0 |
0 |
|a 307.1
|b KAM
|
| 100 |
0 |
|
|a Kamarudin Ngah
|
| 245 |
1 |
0 |
|a Pengenalan perancangan pembangunan wilayah
|c Kamarudin Ngah, Rahmat Azam Mustafa
|
| 260 |
|
|
|a Pulau Pinang ,
|c USM ,
|c 1991
|
| 300 |
|
|
|a 103p. :
|b ill. ;
|c 25cm.
|
| 650 |
0 |
0 |
|a Land use
|z Malaysia
|
| 650 |
0 |
0 |
|a Regional planning
|
| 650 |
0 |
0 |
|a Rural development
|z Malaysia
|
| 700 |
0 |
|
|a Rahmat Azam Mustafa
|
| 999 |
|
|
|a 027925
|b BUKU
|c MALAYSIANA
|e PERPUSTAKAAN KOMUNITI PETALING JAYA
|